000 00489nam a2200169Ia 4500
999 _c12163
_d12163
003 OSt
005 20201015095310.0
008 190216s9999||||xx |||||||||||||| ||und||
040 _coclc
082 _a891.439
_bBED/T
100 _aBedi, Rajinder Singh
_95262
245 0 _aI Take This Woman /
_cRajinder Singh Bedi
260 _bOrient Paper Back,
_c1968.
_aDelhi:
300 _a103p
650 _aEnglish Novel
942 _cBK
_2ddc
_h891.439
_iBED/T
_k891.439
_mBED/T